[Event "Mechanics' Summer TNM; 30/90, SD/30"]
[Site "San Francisco"]
[Date "2009.05.26"]
[Round "1.26"]
[White "Krawczyk, Steven"]
[Black "Luke, Gary"]
[Result "0-1"]
[WhiteElo "864"]
[BlackElo "1800"]
[PlyCount "78"]
[EventDate "2009.??.??"]

1. e4 e5 2. Nf3 Nc6 3. Bb5 Nge7 4. Nxe5 Nxe5 5. d4 c6 6. Ba4 Nc4 7. Bb3 Qa5+ 8.
Nc3 Nd6 9. Qf3 Ng6 10. O-O Be7 11. e5 Nxe5 12. dxe5 Qxe5 13. Bf4 Qf6 14. Rad1
Nf5 15. Ne4 Qg6 16. g4 d5 17. Ng3 Nd4 18. Rxd4 Bxg4 19. Qe3 Be6 20. Qd3 c5 21.
Qb5+ Bd7 22. Qxb7 Bc6 23. Ba4 O-O 24. Bxc6 cxd4 25. Re1 Bf6 26. Bxd5 Qxc2 27.
Bxf7+ Kh8 28. Bd5 Rae8 29. Rxe8 Rxe8 30. Nh5 Qd1+ 31. Kg2 Qxh5 32. Qxa7 Qxd5+
33. Kg3 g5 34. Bd2 Be5+ 35. Kg4 Qe4+ 36. f4 gxf4 37. Kh4 Rg8 38. Qf7 f3+ 39.
Bf4 Qxf4+ 0-1

[Event "Mechanics' Summer TNM; 30/90, SD/30"]
[Site "San Francisco"]
[Date "2009.06.30"]
[Round "6.19"]
[White "Lara, Jaime"]
[Black "Afkham-Ebrahimi, Payam"]
[Result "0-1"]
[WhiteElo "1670"]
[BlackElo "1772"]
[PlyCount "98"]
[EventDate "2009.??.??"]

1. Nc3 c6 2. Nf3 d5 3. d4 Nf6 4. g3 Ne4 (4... Bf5 5. Bg2 h6 6. O-O e6) 5. Bg2
Qa5 6. Bd2 Nxd2 7. Qxd2 g6 8. O-O Bg7 9. a3 O-O 10. b4 Qc7 11. Rac1 Nd7 12. Na4
Nf6 13. Ne5 Ne4 (13... Bf5) 14. Qe3 f6 (14... Nd6 15. c4 dxc4 (15... Nf5 16.
Qd2 Nxd4)) 15. Nd3 (15. c4 fxe5 16. cxd5 Nd6 17. dxc6) 15... Nd6 16. Nab2 (16.
Qd2 Nc4 17. Qc3 e5 18. e3) 16... Nf5 17. Qd2 Nxd4 18. Rfe1 f5 19. e3 Nb5 20. c4
dxc4 21. Nxc4 e5 22. a4 Nd6 23. Na5 (23. Ncxe5 Ne4 24. Qa2+) 23... Be6 (23...
e4) 24. b5 (24. Nxb7 Nxb7 25. Rxc6 Qe7 26. Rxe6 Qxe6 27. Bxb7 Rad8 28. Qc2 (28.
e4 fxe4 29. Bxe4 Qb3)) 24... Rad8 25. Qb4 Ne4 26. Bxe4 fxe4 27. Nc5 Bh3 28.
Qxe4 $4 Qxa5 29. Nxb7 Qd2 30. Qc4+ Kh8 31. Qe2 Qb4 32. Nxd8 Rxd8 33. Qc4 Qf8
34. Qe2 Rd2 35. Qxd2 Qf3 36. Qd8+ Bf8 37. Qxf8+ Qxf8 38. f4 cxb5 39. axb5 Qb4
40. Re2 Qxb5 41. Kf2 e4 42. Rd2 Qh5 43. Rd8+ Kg7 44. Rc7+ Kh6 45. Rh8 Qf3+ 46.
Ke1 Qxe3+ 47. Kd1 Qd3+ 48. Kc1 Qa3+ 49. Kc2 Qa2+ 0-1

[Event "Mechanics' Summer TNM; 30/90, SD/30"]
[Site "San Francisco"]
[Date "2009.07.14"]
[Round "8.19"]
[White "Lara, Jaime"]
[Black "Persidsky, Andre"]
[Result "1-0"]
[WhiteElo "1670"]
[BlackElo "1855"]
[PlyCount "71"]
[EventDate "2009.??.??"]

1. d4 d5 2. Nf3 Nf6 3. c4 e6 4. Bg5 Bb4+ 5. Nc3 O-O 6. e3 Nbd7 7. Bd3 b6 8.
cxd5 exd5 9. O-O Bb7 10. Rc1 a6 11. a3 Be7 12. b4 Ne4 13. Bxe7 Qxe7 14. Nd2 f5
15. Bxe4 dxe4 16. Qb3+ Qf7 17. Qxf7+ Rxf7 18. Ne2 Rc8 19. h4 Nf6 20. Nf4 Nd5
21. Nxd5 Bxd5 22. g3 Re7 23. Nc4 Bxc4 24. Rxc4 Rd7 25. Rfc1 a5 26. Rc6 axb4 27.
axb4 Ra8 28. Rxc7 Rd5 29. Rb7 Rb5 30. Rcc7 Rxb4 31. Rxg7+ Kf8 32. Rxh7 Rb1+ 33.
Kg2 Kg8 34. Rhg7+ Kf8 35. h5 Raa1 36. g4 {remainder illegible} 1-0

[Event "Mechanics' Spring TNM; 30/90, SD/30"]
[Site "San Francisco"]
[Date "2009.05.05"]
[Round "8.18"]
[White "Leavens, Weston"]
[Black "Bertot, German"]
[Result "1/2-1/2"]
[WhiteElo "1782"]
[BlackElo "1561"]
[PlyCount "84"]
[EventDate "2009.??.??"]

1. e4 e5 2. Nf3 Nc6 3. Bb5 a6 4. Ba4 Nf6 5. O-O Be7 6. Re1 b5 7. Bb3 d6 8. c3
Bg4 9. h3 Bh5 10. d3 O-O 11. Be3 d5 12. Nbd2 dxe4 13. dxe4 Kh8 14. Qe2 Nd7 15.
Bd5 Ndb8 16. g4 Bg6 17. Rad1 f6 18. Nf1 Qe8 19. Ng3 Bf7 20. Nf5 Bxd5 21. exd5
Na5 22. b3 Nb7 23. Nxe7 Qxe7 24. Nh4 Qf7 25. f4 Nd7 26. fxe5 Nxe5 27. Nf5 Rad8
28. c4 bxc4 29. bxc4 Rfe8 30. Nd4 Nd6 31. Ne6 Rc8 32. Rd4 Nexc4 33. Rxc4 Nxc4
34. Qxc4 c6 35. Rc1 Qd7 36. Qd4 cxd5 37. Rxc8 Rxc8 38. Nf4 Re8 39. Kf2 Qc6 40.
a3 Kg8 41. Qc5 Qxc5 42. Bxc5 Kf7 1/2-1/2

[Event "Mechanics' Wilkerson Mem TNM; 30/90, SD"]
[Site "San Francisco"]
[Date "2009.08.04"]
[Round "2.23"]
[White "Leavens, Weston"]
[Black "Capdeville, Barry"]
[Result "1-0"]
[WhiteElo "1803"]
[BlackElo "1138"]
[PlyCount "120"]
[EventDate "2009.??.??"]

1. e4 c5 2. d4 cxd4 3. c3 d6 4. cxd4 e6 5. Nf3 Nf6 6. Nc3 Be7 7. Bc4 a6 8. O-O
b5 9. Bd3 Bb7 10. Qe2 O-O 11. Rd1 Nbd7 12. Bf4 Re8 13. e5 Nh5 14. Bd2 g6 15.
Ne4 Bxe4 16. Bxe4 d5 17. Bd3 f5 18. exf6 Bxf6 19. Bh6 Ng7 20. g4 e5 21. dxe5
Nxe5 22. Nxe5 Bxe5 23. f3 Qh4 24. Qd2 Bd4+ 25. Kg2 Be5 26. Rh1 Ne6 27. Be3 d4
28. Bf2 Nf4+ 29. Qxf4 Qxf2+ 30. Kxf2 Bxf4 31. Be4 Ra7 32. h4 Rf8 33. h5 g5 34.
Rhe1 Be3+ 35. Kg3 Rc7 36. Re2 Rd7 37. Rd1 Rfd8 38. Bf5 Re7 39. Be4 Red7 40. Bc6
Rd6 41. Be4 Bf4+ 42. Kf2 Be3+ 43. Kg2 h6 44. Bc2 Kf7 45. Bd3 Kf6 46. Rc2 Ke5
47. Re1 Rb6 48. Ree2 Kd6 49. b4 Rd7 50. Rc8 Ke7 51. Rec2 Bf4 52. Rh8 Be5 53.
Rh7+ Kd8 54. Rxd7+ Kxd7 55. Rc5 Kd6 56. Be4 Rb8 57. Rc6+ Kd7 58. Rxh6 Ke7 59.
Rxa6 Rc8 60. Rg6 Bf4 {score ends} 1-0

[Event "Mechanics' Spring TNM; 30/90, SD/30"]
[Site "San Francisco"]
[Date "2009.04.07"]
[Round "4.10"]
[White "Leavens, Weston"]
[Black "Chirila, Sergiu"]
[Result "1-0"]
[WhiteElo "1782"]
[BlackElo "1932"]
[PlyCount "45"]
[EventDate "2009.??.??"]

1. e4 e5 2. Nf3 Nc6 3. Bb5 Nf6 4. O-O Bc5 5. c3 O-O 6. d4 Bd6 7. Bxc6 bxc6 8.
dxe5 Nxe4 9. exd6 cxd6 10. Be3 f5 11. Nbd2 d5 12. Nxe4 dxe4 13. Nd2 d5 14. f3
f4 15. Bc5 e3 16. Bxf8 Kxf8 17. Nb3 Ba6 18. Re1 Qd6 19. Qd4 Kg8 20. Nc5 Bc8 21.
c4 Bf5 22. cxd5 cxd5 23. Rad1 1-0

[Event "Mechanics' Fall TNM; 30/90, SD/30"]
[Site "San Francisco"]
[Date "2009.12.08"]
[Round "8.17"]
[White "Leavens, Weston"]
[Black "Dembling, Arthur"]
[Result "1-0"]
[WhiteElo "1812"]
[BlackElo "1729"]
[PlyCount "65"]
[EventDate "2009.??.??"]

1. e4 e6 2. d3 d5 3. Nd2 c5 4. Ngf3 Nc6 5. g3 Bd6 6. Bg2 Nge7 7. O-O O-O 8. Re1
Qc7 9. Qe2 Ng6 10. Nf1 d4 11. h4 f6 12. h5 Nge7 13. Nh4 e5 14. Nh2 Be6 15. g4
b5 16. Nf5 Nxf5 17. gxf5 Bf7 18. Qg4 Kh8 19. Bd2 c4 20. a3 Rab8 21. Nf3 Qe7 22.
Nh4 Qe8 23. Bf3 Rb7 24. Kh1 b4 25. dxc4 bxa3 26. bxa3 d3 27. cxd3 Nd4 28. Bd1
Rb2 29. Be3 Nc2 30. Rg1 Rg8 31. Ng6+ hxg6 32. hxg6 Bxg6 33. fxg6 1-0

[Event "Mechanics' Winter TNM; 30/90, SD/30"]
[Site "San Francisco"]
[Date "2009.02.10"]
[Round "6.11"]
[White "Leavens, Weston"]
[Black "Farzaneh-Far, Ramin"]
[Result "1/2-1/2"]
[WhiteElo "1797"]
[BlackElo "1856"]
[PlyCount "90"]
[EventDate "2009.??.??"]

1. e4 e5 2. Nf3 Nc6 3. Bb5 a6 4. Ba4 Nf6 5. O-O Be7 6. Re1 b5 7. Bb3 d6 8. c3
O-O 9. h3 Na5 10. Bc2 c5 11. d4 cxd4 12. cxd4 Qc7 13. Nc3 Bb7 14. d5 Bc8 15.
Bd3 Bd7 16. Be3 Nc4 17. Bxc4 bxc4 18. Rc1 Rab8 19. Qc2 Rfc8 20. Nd2 Qb7 21. Nd1
Qb4 22. Qc3 Qa4 23. a3 Bd8 24. Qc2 Qa5 25. f3 Ba4 26. Qc3 Qxc3 27. Nxc3 Bb3 28.
Nxb3 Rxb3 29. Re2 Ba5 30. Na4 h6 31. Bd2 Bd8 32. Bb4 Ne8 33. Rec2 a5 34. Bd2
Rd3 35. Kf1 Nf6 36. Be1 Nh5 37. Rxc4 Rxc4 38. Rxc4 Bg5 39. Rc3 Rd1 40. Ke2 Rd4
41. b3 Nf4+ 42. Kf1 Rd1 43. Nb2 Rb1 44. Nd3 Nxd3 45. Rxd3 Bh4 1/2-1/2

[Event "Mechanics' Winter TNM; 30/90, SD/30"]
[Site "San Francisco"]
[Date "2009.02.03"]
[Round "5.17"]
[White "Leavens, Weston"]
[Black "Frank, Robert"]
[Result "1-0"]
[WhiteElo "1797"]
[BlackElo "1247"]
[PlyCount "45"]
[EventDate "2009.??.??"]

1. e4 e5 2. Nf3 Nf6 3. d4 exd4 4. e5 Qe7 5. Be2 Nd5 6. Qxd4 Nb6 7. Bg5 Qb4+ 8.
Nbd2 Qxd4 9. Nxd4 d5 10. exd6 Bxd6 11. O-O-O Bd7 12. Nb5 O-O 13. Nxd6 cxd6 14.
Rhe1 Be6 15. Nf3 d5 16. Nd4 Bd7 17. Nb5 Bxb5 18. Bxb5 a6 19. Be2 Nc6 20. Bf3 f6
21. Be3 d4 22. Bxd4 Nc8 23. Bc5 1-0

[Event "Mechanics' Summer TNM; 30/90, SD/30"]
[Site "San Francisco"]
[Date "2009.06.02"]
[Round "2.20"]
[White "Leavens, Weston"]
[Black "Frank, Robert"]
[Result "1-0"]
[WhiteElo "1782"]
[BlackElo "1297"]
[PlyCount "21"]
[EventDate "2009.??.??"]

1. e4 e5 2. Nf3 Nc6 3. Bb5 a6 4. Ba4 d6 5. c3 Nf6 6. Bc2 Bg4 7. O-O g6 8. h3
Be6 9. d4 exd4 10. cxd4 Bg7 11. d5 {
Scoresheets unreadable after this. 1-0 in 41 moves.} 1-0

[Event "Mechanics' Summer TNM; 30/90, SD/30"]
[Site "San Francisco"]
[Date "2009.06.16"]
[Round "4.10"]
[White "Leavens, Weston"]
[Black "Goins, Demetrius"]
[Result "0-1"]
[WhiteElo "1782"]
[BlackElo "2001"]
[PlyCount "64"]
[EventDate "2009.??.??"]

1. e4 c5 2. d4 cxd4 3. c3 dxc3 4. Nxc3 Nc6 5. Nf3 e6 6. Bc4 d6 7. O-O Nf6 8.
Qe2 Be7 9. Rd1 e5 10. h3 O-O 11. Be3 Be6 12. Bxe6 fxe6 13. Bc5 Qb8 14. Ba3 Nh5
15. g3 a6 16. Kg2 g6 17. Qc4 Ng7 18. Rd2 Qc8 19. Qe2 b5 20. Bxd6 Rxf3 21. Bxe7
Rxc3 22. bxc3 Nxe7 23. Rc1 Qc6 24. f3 Ne8 25. Qd3 Kf7 26. c4 Qc5 27. Rdc2 b4
28. Qd2 Ra7 29. Qh6 Nf6 30. g4 Rd7 31. g5 Qe3 32. Qh4 Rd2+ 0-1

[Event "Mechanics' Spring TNM; 30/90, SD/30"]
[Site "San Francisco"]
[Date "2009.03.24"]
[Round "2.10"]
[White "Leavens, Weston"]
[Black "Grey, Peter"]
[Result "1-0"]
[WhiteElo "1782"]
[BlackElo "2000"]
[PlyCount "81"]
[EventDate "2009.??.??"]

1. e4 e5 2. Nf3 Nc6 3. Bb5 a6 4. Ba4 Nf6 5. O-O Nxe4 6. Re1 Nc5 7. Bxc6 dxc6 8.
d4 Ne6 9. dxe5 Qxd1 10. Rxd1 Bd7 11. Be3 O-O-O 12. Nc3 Be7 13. Ne4 h6 14. Rd2
c5 15. Rad1 Bc6 16. Rxd8+ Rxd8 17. Rxd8+ Kxd8 18. Nfd2 b6 19. c3 Ng5 20. Ng3
Kd7 21. f4 Nh7 22. f5 Bg5 23. Bxg5 hxg5 24. Kf2 g6 25. e6+ Ke7 26. exf7 Kxf7
27. Nc4 Bd5 28. Ne5+ Kf6 29. fxg6 Nf8 30. g7 Kxg7 31. c4 Be6 32. Ne4 Kh6 33.
Ke3 Ng6 34. Nxg6 Kxg6 35. b3 Kf5 36. h3 g4 37. h4 Ke5 38. g3 Bf5 39. Nc3 Be6
40. h5 Kf6 41. Ne4+ 1-0

[Event "Mechanics' Fall TNM; 30/90, SD/30"]
[Site "San Francisco"]
[Date "2009.11.10"]
[Round "4.8"]
[White "Leavens, Weston"]
[Black "Jones, James"]
[Result "0-1"]
[WhiteElo "1812"]
[BlackElo "2043"]
[PlyCount "70"]
[EventDate "2009.??.??"]

1. e4 c5 2. d4 cxd4 3. c3 dxc3 4. Nxc3 Nc6 5. Nf3 Qc7 6. Bc4 e6 7. O-O Nf6 8.
Qe2 Ng4 9. g3 Bc5 10. Bf4 d6 11. h3 Nge5 12. Bxe5 dxe5 13. Rfd1 a6 14. Rac1 Qe7
15. a3 O-O 16. b4 Nd4 17. Nxd4 Bxd4 18. Qf3 b5 19. Bd3 Bb7 20. Qe2 Rac8 21. Na2
Rfd8 22. Rxc8 Rxc8 23. Rc1 Rxc1+ 24. Nxc1 Qg5 25. Nb3 Qxg3+ 26. Kf1 Qxh3+ 27.
Ke1 h5 28. Qc2 Qf3 29. Nc5 h4 30. Nxb7 h3 31. Qe2 Qg2 32. Qf1 Qf3 33. Qe2 Qf4
34. Qf1 h2 35. f3 Qc1+ 0-1

[Event "Mechanics' Spring TNM; 30/90, SD/30"]
[Site "San Francisco"]
[Date "2009.04.21"]
[Round "6.6"]
[White "Leavens, Weston"]
[Black "Naroditsky, Alan"]
[Result "0-1"]
[WhiteElo "1782"]
[BlackElo "2025"]
[PlyCount "94"]
[EventDate "2009.??.??"]

1. e4 c5 2. d4 cxd4 3. c3 Nf6 4. e5 Nd5 5. cxd4 Nc6 6. Nf3 d6 7. exd6 Qxd6 8.
Nc3 Bg4 9. Bc4 e6 10. Bxd5 exd5 11. Be3 Be7 12. O-O O-O 13. Kh1 Bf6 14. Qb3
Rfd8 15. Rad1 Bf5 16. Rd2 Na5 17. Qd1 Nc4 18. Re2 Rac8 19. Bg5 Bg4 20. Bxf6
Qxf6 21. Qd3 Bf5 22. Qd1 Bg4 23. Qd3 Bf5 24. Qd1 Nxb2 25. Nxd5 Rxd5 26. Rxb2 b6
27. Qa4 Be4 28. Re1 Ra5 29. Qd7 Qf5 30. Qxf5 Bxf5 31. Rbe2 Kf8 32. Rd2 Be6 33.
Ra1 Rc3 34. a4 Bd5 35. Ne1 Rc4 36. Kg1 Raxa4 37. Rad1 b5 38. f3 b4 39. Nc2 Rc3
40. Na1 b3 41. Rb2 Rb4 42. Kf2 a5 43. Rdd2 a4 44. Nc2 bxc2 45. Rxb4 c1=Q 46.
Re2 Rc8 47. Rxa4 Bc4 0-1

[Event "Mechanics' Wilkerson Mem TNM; 30/90, SD"]
[Site "San Francisco"]
[Date "2009.09.01"]
[Round "5.14"]
[White "Leavens, Weston"]
[Black "Newey, Richard"]
[Result "1-0"]
[WhiteElo "1803"]
[BlackElo "1692"]
[PlyCount "91"]
[EventDate "2009.??.??"]

1. e4 c5 2. d4 cxd4 3. c3 dxc3 4. Nxc3 Nc6 5. Nf3 d6 6. Bc4 e6 7. O-O a6 8. Qe2
Nge7 9. Rd1 Ng6 10. a3 b5 11. Ba2 Be7 12. Be3 Bb7 13. Nd4 Nxd4 14. Bxd4 O-O 15.
Qg4 Bf6 16. Bxf6 Qxf6 17. Rxd6 Rfd8 18. Rad1 Rxd6 19. Rxd6 Rc8 20. g3 Rxc3 21.
bxc3 Qxc3 22. Rd8+ Nf8 23. Qd1 Qxa3 24. Bb1 Qb4 25. Bc2 a5 26. Qd2 Qe7 27. Qd6
Qxd6 28. Rxd6 b4 29. Rb6 Ba8 30. f3 f6 31. Ra6 Bb7 32. Rxa5 Ng6 33. Rb5 Bc6 34.
Rxb4 Kf7 35. Kf2 Ne5 36. Ke3 Ke7 37. Ba4 f5 38. Bxc6 Nxc6 39. Rb7+ Kf6 40. exf5
Nd8 41. Rd7 Nf7 42. fxe6 Ne5 43. Rc7 Ng6 44. Ke4 Ne7 45. Rxe7 Kxe7 46. Ke5 1-0

[Event "Mechanics' Wilkerson Mem TNM; 30/90, SD"]
[Site "San Francisco"]
[Date "2009.09.22"]
[Round "8.9"]
[White "Leavens, Weston"]
[Black "Shakhnazarov, Oleg"]
[Result "0-1"]
[WhiteElo "1803"]
[BlackElo "2194"]
[PlyCount "58"]
[EventDate "2009.??.??"]

1. e4 c5 2. d4 cxd4 3. c3 dxc3 4. Nxc3 a6 5. Bc4 e6 6. Nf3 Be7 7. O-O d6 8. Qe2
Nc6 9. Rd1 Qc7 10. Bf4 Nf6 11. Rac1 O-O 12. e5 dxe5 13. Bxe5 Qa5 14. Bf4 Qf5
15. Bc7 Bd7 16. Bd3 Qh5 17. Ne4 Nd5 18. Bg3 f5 19. Nc5 Bxc5 20. Rxc5 g5 21. Bd6
g4 22. Ne5 Nxe5 23. Bxe5 f4 24. Bc4 Bc6 25. Bd6 Rf6 26. Be5 f3 27. Qe1 g3 28.
hxg3 fxg2 29. Kxg2 Ne3+ 0-1

[Event "Mechanics' Fall TNM; 30/90, SD/30"]
[Site "San Francisco"]
[Date "2009.11.24"]
[Round "6.16"]
[White "Leavens, Weston"]
[Black "Smith, Andrew"]
[Result "1/2-1/2"]
[WhiteElo "1812"]
[BlackElo "1574"]
[PlyCount "86"]
[EventDate "2009.??.??"]

1. e4 c5 2. Nf3 d6 3. d4 cxd4 4. c3 dxc3 5. Nxc3 Nc6 6. Bc4 Nf6 7. e5 Ng4 8.
exd6 Qxd6 9. O-O e6 10. Nb5 Qe7 11. h3 a6 12. hxg4 axb5 13. Bxb5 Qc5 14. a4 Bd7
15. Be3 Qd6 16. Qe2 Be7 17. Rfd1 Qc7 18. Rac1 O-O 19. Qc4 Rac8 20. Bf4 Qd8 21.
Qd3 Be8 22. Qe4 Qb6 23. Be3 Qc7 24. Nd4 Rd8 25. Nxc6 Bxc6 26. Rxd8 Rxd8 27.
Bxc6 bxc6 28. b4 Rd5 29. g3 Qb7 30. Bc5 Bxc5 31. Rxc5 Rxc5 32. bxc5 g6 33. Qd4
Qa8 34. Qb4 Qd8 35. a5 Kf8 36. a6 Qd1+ 37. Kg2 Qd5+ 38. Kh2 Qa2 39. Qb8+ Kg7
40. Qe5+ Kg8 41. Qf6 Qxa6 42. Qd8+ Kg7 43. g5 Qe2 1/2-1/2

[Event "Mechanics' Wilkerson Mem TNM; 30/90, SD"]
[Site "San Francisco"]
[Date "2009.08.18"]
[Round "3.16"]
[White "Leavens, Weston"]
[Black "Starr, Albert"]
[Result "1-0"]
[WhiteElo "1803"]
[BlackElo "1465"]
[PlyCount "75"]
[EventDate "2009.??.??"]

1. e4 e5 2. Nf3 Nf6 3. d4 exd4 4. e5 Qe7 5. Be2 Ne4 6. Qxd4 Qb4+ 7. c3 Qxd4 8.
cxd4 Bb4+ 9. Nbd2 Nc6 10. O-O Nxd2 11. Bxd2 Bxd2 12. d5 Nxe5 13. Nxd2 O-O 14.
Rac1 c6 15. f4 Ng6 16. Bc4 b5 17. Bb3 Bb7 18. d6 a5 19. Ne4 Ba6 20. Nc5 Rfd8
21. Rce1 Nf8 22. f5 a4 23. Bc2 b4 24. Rf4 a3 25. Rxb4 axb2 26. Rxb2 Bc4 27. a4
Rdb8 28. Reb1 Rxb2 29. Rxb2 Bd5 30. Rb7 Rd8 31. a5 f6 32. a6 Bf7 33. a7 Ra8 34.
Nxd7 Be8 35. Bb3+ Kh8 36. Nxf8 c5 37. Ne6 g6 38. Nc7 1-0

[Event "Mechanics' Winter TNM; 30/90, SD/30"]
[Site "San Francisco"]
[Date "2009.01.13"]
[Round "2.7"]
[White "Leavens, Weston"]
[Black "Todortsev, Victor"]
[Result "0-1"]
[WhiteElo "1797"]
[BlackElo "1921"]
[PlyCount "82"]
[EventDate "2009.??.??"]

1. e4 c5 2. d4 cxd4 3. c3 e6 4. cxd4 d5 5. e5 Bb4+ 6. Bd2 Bxd2+ 7. Qxd2 f6 8.
Nf3 Nc6 9. Nc3 a6 10. Be2 fxe5 11. Nxe5 Nf6 12. O-O O-O 13. f4 Bd7 14. g4 Be8
15. Rf2 Qb6 16. Nxc6 bxc6 17. g5 Nd7 18. Raf1 Bg6 19. Bg4 Bf5 20. h3 c5 21. Na4
Qd6 22. Nxc5 Nxc5 23. dxc5 Qxc5 24. Re1 Rae8 25. Kh2 Bxg4 26. hxg4 e5 27. b4
Qd6 28. Kh3 e4 29. f5 d4 30. Rf4 Qd5 31. Qg2 d3 32. Rd1 Qe5 33. Rff1 Rd8 34.
Qg3 Rfe8 35. Qe3 Rc8 36. f6 Rc7 37. Rf5 Qe6 38. Qf4 Rf7 39. fxg7 e3 40. Rxf7
Qxf7 41. Qxf7+ Kxf7 0-1

[Event "Mechanics' Fall TNM; 30/90, SD/30"]
[Site "San Francisco"]
[Date "2009.11.24"]
[Round "6.4"]
[White "Lee, Andy"]
[Black "Gaffagan, Steven"]
[Result "1-0"]
[WhiteElo "2278"]
[BlackElo "2015"]
[PlyCount "61"]
[EventDate "2009.??.??"]

1. e4 e5 2. Nf3 Nc6 3. Bb5 a6 4. Ba4 Nf6 5. O-O Be7 6. Re1 b5 7. Bb3 d6 8. c3
O-O 9. h3 Bb7 10. d4 Na5 11. Bc2 Nc4 12. a4 Re8 13. b3 Nb6 14. a5 Nbd7 15. Nbd2
Bf8 16. b4 g6 17. d5 c6 18. c4 bxc4 19. dxc6 Bxc6 20. Nxc4 Qc7 21. Bg5 h6 22.
Bxf6 Nxf6 23. Rc1 Rab8 24. Nb6 Qb7 25. Bd3 d5 26. Bxa6 Qxa6 27. Rxc6 dxe4 28.
Rxf6 exf3 29. Nd7 Qc8 30. Nxb8 Qxb8 31. Qb3 1-0

[Event "Mechanics' Fall TNM; 30/90, SD/30"]
[Site "San Francisco"]
[Date "2009.10.27"]
[Round "2.13"]
[White "Lee, Andy"]
[Black "Macintyre, Brendan"]
[Result "1-0"]
[WhiteElo "2278"]
[BlackElo "1667"]
[PlyCount "55"]
[EventDate "2009.??.??"]

1. e4 c5 2. Nf3 Nc6 3. Bb5 a6 4. Bxc6 dxc6 5. d3 Nf6 6. Be3 b6 7. h3 g6 8. a4
Bg7 9. a5 Nd7 10. Qc1 O-O 11. Bh6 b5 12. Bxg7 Kxg7 13. e5 f6 14. Qe3 e6 15. O-O
Qe7 16. Nc3 f5 17. Ne2 Bb7 18. Nf4 h6 19. h4 Rad8 20. h5 gxh5 21. Nxh5+ Kh7 22.
c4 Rg8 23. g3 Rg4 24. Kg2 Rdg8 25. Rh1 Qf8 26. Nf4 Rh8 27. Nxe6 Qe7 28. Qxh6+
1-0

[Event "Mechanics' Fall TNM; 30/90, SD/30"]
[Site "San Francisco"]
[Date "2009.12.15"]
[Round "9.1"]
[White "Lee, Andy"]
[Black "Pearson, Michael"]
[Result "1/2-1/2"]
[WhiteElo "2278"]
[BlackElo "2290"]
[PlyCount "62"]
[EventDate "2009.??.??"]

1. e4 c5 2. Nf3 Nc6 3. d4 cxd4 4. Nxd4 e5 5. Nb5 d6 6. N1c3 a6 7. Na3 b5 8. Nd5
Nge7 9. c4 Nd4 10. Bg5 Be6 11. Bd3 Bxd5 12. exd5 Qd7 13. O-O Nef5 14. Qg4 h6
15. Bd2 g6 16. f4 h5 17. Qh3 Bg7 18. Rae1 Qa7 19. Kh1 h4 20. fxe5 dxe5 21. Bxf5
Nxf5 22. Rxf5 gxf5 23. Qxf5 Qd7 24. Rxe5+ Kd8 25. Bg5+ Kc8 26. Qxd7+ Kxd7 27.
Re7+ Kd6 28. Rxf7 Rae8 29. Bd2 Bxb2 30. Bb4+ Ke5 31. d6 Bxa3 1/2-1/2

[Event "Mechanics' Fall TNM; 30/90, SD/30"]
[Site "San Francisco"]
[Date "2009.11.17"]
[Round "5.7"]
[White "Lee, Andy"]
[Black "Ramachandran, Jayakrishnan"]
[Result "1-0"]
[WhiteElo "2278"]
[BlackElo "1922"]
[PlyCount "93"]
[EventDate "2009.??.??"]

1. e4 e5 2. Nf3 Nc6 3. Bb5 a6 4. Ba4 Nf6 5. O-O b5 6. Bb3 Be7 7. d4 d6 8. c3
O-O 9. h3 Bb7 10. Nbd2 Na5 11. Bc2 exd4 12. cxd4 c5 13. b3 Qc7 14. Bb2 c4 15.
bxc4 Nxc4 16. Nxc4 bxc4 17. d5 c3 18. Bc1 a5 19. Nd4 Ba6 20. Re1 Nd7 21. Re3
Bf6 22. Rg3 Ne5 23. f4 Bh4 24. Rxg7+ Kxg7 25. fxe5 Kh8 26. Nf5 Be7 27. Ba3 Rad8
28. Kh1 Bc8 29. exd6 Bxd6 30. Nxd6 Rxd6 31. Qd4+ f6 32. Rf1 Kg8 33. Rf3 Rdd8
34. Bxf8 Rxf8 35. Qxc3 Qd8 36. e5 fxe5 37. Rg3+ Kh8 38. Qxe5+ Qf6 39. Qc7 Qh6
40. Qc3+ Qf6 41. Qxa5 Bb7 42. Qc7 Qf7 43. Qxf7 Rxf7 44. Bb3 Rf1+ 45. Kh2 h6 46.
Rf3 Kg7 47. Rxf1 1-0

[Event "Capps Memorial"]
[Site "San Francisco"]
[Date "2009.11.07"]
[Round "4"]
[White "Lee, Andy"]
[Black "Sandberg, Evan"]
[Result "1-0"]
[WhiteElo "2305"]
[BlackElo "2092"]
[PlyCount "53"]
[EventDate "2009.11.08"]
[EventType "swiss"]
[EventRounds "6"]
[EventCountry "USA"]

1. d4 Nf6 2. c4 e6 3. Nc3 d5 4. cxd5 exd5 5. Bg5 c6 6. Qc2 Nbd7 7. e3 Qa5 8.
Bd3 Be7 9. Nge2 b5 10. O-O h6 11. Bxf6 Bxf6 12. e4 Bb7 13. e5 Be7 14. e6 fxe6
15. Bg6+ Kd8 16. Nf4 Nf8 17. Rae1 b4 18. Na4 Nxg6 19. Nxe6+ Kc8 20. Qxg6 Qxa4
21. Qxg7 Re8 22. Qf7 c5 23. Nxc5 Qb5 24. Rxe7 Rxe7 25. Qxe7 Bc6 26. Rc1 Qb6 27.
Nd3 1-0

[Event "Mechanics' Wilkerson Mem TNM; 30/90, SD"]
[Site "San Francisco"]
[Date "2009.08.04"]
[Round "2.1"]
[White "Lee, Andy C"]
[Black "Campers, Willie"]
[Result "1-0"]
[WhiteElo "2278"]
[BlackElo "1771"]
[PlyCount "49"]
[EventDate "2009.??.??"]

1. d4 d5 2. c4 c6 3. Nf3 Nf6 4. Nc3 a6 5. c5 h6 6. Qc2 e6 7. Bf4 Be7 8. e3 b5
9. Bd3 O-O 10. g4 Nxg4 11. Rg1 f5 12. h3 Nf6 13. Bxh6 Nh5 14. Ne5 Kh7 15. Qe2
gxh6 16. Qxh5 Qe8 17. Rg6 Bg5 18. Rxg5 Qxh5 19. Rxh5 Rg8 20. Ne2 Bd7 21. Kd2
Be8 22. Rh4 Rg2 23. Rg4 Rxg4 24. hxg4 Bg6 25. Nf4 1-0

[Event "Mechanics' Wilkerson Mem TNM; 30/90, SD"]
[Site "San Francisco"]
[Date "2009.09.22"]
[Round "8.1"]
[White "Lee, Andy C"]
[Black "Jones, James"]
[Result "1-0"]
[WhiteElo "2278"]
[BlackElo "2069"]
[PlyCount "57"]
[EventDate "2009.??.??"]

1. d4 Nf6 2. c4 e5 3. dxe5 Ng4 4. Nf3 Bc5 5. e3 Nc6 6. Be2 Ngxe5 7. O-O O-O 8.
Nd4 d5 9. Nb3 Bd6 10. cxd5 Qh4 11. f4 Ne7 12. g3 Qh3 13. fxe5 Bxe5 14. Rf2 f5
15. Nc3 g5 16. Nd4 f4 17. exf4 gxf4 18. gxf4 Kh8 19. fxe5 Rxf2 20. Kxf2 Qxh2+
21. Ke3 Qxe5+ 22. Kd3 Nf5 23. Nxf5 Bxf5+ 24. Kc4 c6 25. Kb3 cxd5 26. Nb5 Qg3+
27. Ka4 Rd8 28. Qd4+ Kg8 29. Bf4 1-0

[Event "Mechanics' Wilkerson Mem TNM; 30/90, SD"]
[Site "San Francisco"]
[Date "2009.09.08"]
[Round "6.2"]
[White "Lee, Andy C"]
[Black "Margulis, Igor"]
[Result "1-0"]
[WhiteElo "2278"]
[BlackElo "2115"]
[PlyCount "53"]
[EventDate "2009.??.??"]

1. d4 g6 2. e4 Bg7 3. Nf3 d6 4. c4 e5 5. Nc3 exd4 6. Nxd4 Ne7 7. Bg5 h6 8. Be3
O-O 9. Qd2 Kh7 10. Be2 Nbc6 11. O-O-O Nxd4 12. Bxd4 Bxd4 13. Qxd4 Be6 14. f4
Nc6 15. Qe3 Qf6 16. g4 Rae8 17. h4 Qe7 18. Qg3 f5 19. h5 fxe4 20. hxg6+ Kg7 21.
g5 h5 22. Rxh5 Bg8 23. Nd5 Qe6 24. Bg4 Qxg6 25. Rh6 Qf7 26. Rf6 e3 27. Qh4 1-0

[Event "Mechanics' Wilkerson Mem TNM; 30/90, SD"]
[Site "San Francisco"]
[Date "2009.09.01"]
[Round "5.2"]
[White "Lee, Andy C"]
[Black "Traub, Igor"]
[Result "1-0"]
[WhiteElo "2278"]
[BlackElo "2074"]
[PlyCount "73"]
[EventDate "2009.??.??"]

1. e4 e5 2. f4 d6 3. Nf3 Nc6 4. c3 Bg4 5. Bb5 Nf6 6. d4 a6 7. Ba4 b5 8. Bb3 Be7
9. O-O O-O 10. Be3 exd4 11. cxd4 Na5 12. Bc2 Nc4 13. Bc1 c5 14. d5 Nd7 15. a4
Bf6 16. axb5 axb5 17. Rxa8 Qxa8 18. Qd3 g6 19. b3 Ncb6 20. Qxb5 Qa2 21. Qd3 c4
22. bxc4 Nc5 23. Qe2 Nxc4 24. Bd3 Bd4+ 25. Kh1 Qxe2 26. Bxe2 Bxf3 27. gxf3 Ne3
28. Re1 f5 29. Na3 fxe4 30. Nb5 Nc2 31. Rd1 exf3 32. Bxf3 Nb3 33. Be4 Rc8 34.
Nxd6 Rc5 35. Nb7 Rc4 36. d6 Bb6 37. Bd5+ 1-0